| 000 | 00402nam a2200133Ia 4500 | ||
|---|---|---|---|
| 008 | 200626s9999 xx 000 0 und d | ||
| 020 | _a978-0-340-98682-0 | ||
| 100 | _aGardiner, Judy | ||
| 245 |
_cJudy Gardiner, Jacqui Housley.-- _aHospitality & catering for gcse/ |
||
| 250 | _a2nd ed. | ||
| 260 |
_aUnited Kingdom : _bHodder Education _c2009 |
||
| 300 | _aviii, 216 pages | ||
| 500 | _aIncludes Index | ||
| 999 |
_c363850 _d363850 |
||